000 01421cam a2200253 4500
001 ABS66446
008 030304n2003 000 0 eng u
035 _a(Sirsi) u121515
100 _aBourne, K.
245 _aTenants make waves
260 _c2003
490 _aEstates Gazette
_v(0306) 8 February 2003, 138-139(2)
520 _aLooks at the additional security of tenure rights which tenant telecom operators enjoy under the Telecommunications Code 1984 as set out in Sched 2. Summarises the benefits and what is covered by the Code. Outlines grounds for possession available to the landlord under the Landlord and Tenant Act 1954 s30(1). Argues that the Code's powers are rarely exercised relying on goodwill between landlords and telecommunication operators. The Communications Bill once it becomes law, will change the way telecoms operators apply the code. The RICS Telecoms Forum, which seeks to promote good practice within the telecoms property sector, runs a CPD/seminar programme and keeps members up to date through newsletters
590 _aABS
650 _aTELECOMMUNICATIONS ACT 1984 SCHED 2
650 _aTELECOMMUNICATIONS CODE
650 _aLANDLORD AND TENANT ACT 1954 S30(1)
650 _aSECURITY OF TENURE
650 _aGROUNDS FOR POSSESSION
650 _aCOMMUNICATIONS BILL
650 _aRICS TELECOMS FORUM
690 _aLANDLORD AND TENANT-BUSINESS TENANCIES
942 _n0
999 _c72220
_d72220